00898nam a22002295i 4500001000700000003000900007005001700016008004100033080001500074100005000089245007500139250001200214260003400226300004600260490005200306500001500358650005400373830006000427852003900487999001900526952012300545178043ES-MaACL20231207063039.0110516s1966 sp f |||| | spa d a821.111.091 aSouvirón, José Maríad1904-1973910760510aHistoria breve de la literatura inglesa / cJosé María Souvirón. a1ª ed. aBarcelona : bCredsa, c1966. a199, [8] p. de lám. bl. y n. ; c18 cm.1 aPanoramas A-Z. La universidad en su mano ; v36 aÍndices.04aLiteratura inglesa-xHistoria y crítica.9146280 aPanoramas A-Z. La universidad en su mano ; v369190680 aES-MaACLjE-15086 xOlim P-269-bis c178043d178043 00104070aATENEOMbATENEOMcDEPO2d2011-05-16eDONl0oE-15086p1187035r2023-02-23 00:00:00w2023-02-23yMONOGRAFIA